Loading...
Concise oxford history of music /
| Main Author: | |
|---|---|
| Language: | Undetermined |
| Published: |
New York :
Oxford University Press ,
1979.
|
| Subjects: |
| LEADER | 00489nam a2200157Ia 4500 | ||
|---|---|---|---|
| 001 | 133108 | ||
| 008 | 170722s9999 xx 000 0 und d | ||
| 020 | |a 019284010x | ||
| 100 | |a Abraham, Gerald | ||
| 245 | |a Concise oxford history of music / | ||
| 260 | |a New York : |b Oxford University Press , |c 1979. | ||
| 300 | |a 968, f12.50 | ||
| 653 | |a Music | ||
| 942 | |c GEN | ||
| 999 | |c 165560 |d 165560 | ||
| 952 | |0 0 |1 0 |4 0 |6 NRV_L9 |7 0 |8 LC1 |9 230148 |a LIB |b LIB |d 2017-08-12 |h LC1 |o NRv L9 |p G31443 |r 2017-08-12 |w 2017-08-12 |y GEN | ||